000 00424cam a2200157ua 4500
001 11901
008 191116n ii |||gr||||Z||||||eng
040 _cMAIN
082 _a915.416
100 _aAngus Hamilton,
_eAuthor.
245 _aIn abor jungles of North East India
_cBy Angus Hamilton
260 _aNew Delhi:
_bMittal Publications,
_c2013.
300 _a352p.
653 _aGeography of & travel in Asia
942 _cBK
999 _c10690
_d10690